Ietu: selecciones de las Sagradas Escrituras que relatan, en parte, la vida y obra del Señor Jesucristo en la tierra, en Rapa Nui actual y castellano

Bewaard in:
Bibliografische gegevens
Coauteurs: Diócesis de Villarrica (Auteur), Diócesis de Valparaíso (Auteur)
Formaat: Boek
Taal:Spaans
Rapanui
Gepubliceerd in: Valparaíso Universitarias de Valparaíso 2003
Onderwerpen:
Tags: Voeg label toe
Geen labels, Wees de eerste die dit record labelt!

MARC

LEADER 00000nam a2200000 a 4500
001 UCL7048
003 CL-VaPUC
008 040430e20030000CL |||||||||||||||||spa|d
041 0 7 |a spa  |2 CL-VaPUC 
041 0 7 |a rap  |2 CL-VaPUC 
082 0 4 |a 232.9  |b DIO  |2 21 
110 2 |a Diócesis de Villarrica  |e author  |9 484784 
710 2 |a Diócesis de Valparaíso  |e author  |9 484785 
245 1 0 |a Ietu: selecciones de las Sagradas Escrituras que relatan, en parte, la vida y obra del Señor Jesucristo en la tierra, en Rapa Nui actual y castellano 
300 |a 126 p 
942 |c BK 
945 |d 20040430 00:00:00  |a cmena 
260 |a Valparaíso  |b Universitarias de Valparaíso  |c 2003 
600 0 |a Jesús  |9 313614 
650 0 |a Textos sagrados   |9 257605 
650 0 |a Biblia  |9 257603 
583 |a last modification  |c 20040430 00:00:00  |k Rodrigo Vera 
999 |c 308915  |d 308913 
952 |0 0  |1 0  |4 0  |6 232_900000000000000_DIO_2003  |7 0  |8 A  |9 375851  |a BIBEDU  |b BIBEDU  |d 2019-11-21  |i 4012011  |o 232.9 DIO 2003  |p 4012011  |r 2019-11-21  |w 2019-11-21  |y BK  |k LIT 
952 |0 0  |1 0  |4 0  |6 232_900000000000000_DIO_2003  |7 0  |8 X  |9 375852  |a FDOBUD  |b FDOBUD  |d 2019-11-21  |i 4687116  |o 232.9 DIO 2003  |p 4687116  |r 2019-11-21  |w 2019-11-21  |y BK_X  |k BUD